000 00269nam a2200109 a 4500
005 20140414132037.0
008 110322s19uu xx 00 eng d
050 _aTR
_bW62 1994
100 _aWilliams, Rozanne Lanczak
245 _aWhose forest is it?.
999 _c113756
_d113756